000 00315nam a2200109Ia 4500
008 171204s9999 xx 000 0 und d
245 _aFresh Fields and Pastures New:
245 _cKatina T. Lillios and Michael Chazan
260 _c2016
650 _xHistory
856 _uhttp://down.ebook777.com/063/9088903484.pdf
999 _c345535
_d345535